000 00659cam a2200217 a 4500
001 4000406
005 20180104051417.0
008 961004s1997 nyua 001 0 eng
010 _a 96047090
020 _a0070345309 (pbk. : acidfree paper)
040 _aDLC
_cDLC
_dDLC
041 _aeng
080 _a006.7 JES
082 0 0 _a006.7 JES
_221
100 _a27
101 _aMED
245 0 4 _aThe ultimate multimedia handbook /
_cJessica Keyes, editor.
906 _a7
_bcbc
_corignew
_d1
_eocip
_f19
_gy-gencatlg
942 _2ddc
_cBK
999 _c39712
_d39712